<?xml version="1.0" encoding="UTF-8"?><?xml-stylesheet type="text/xsl" href="static/style.xsl"?><OAI-PMH xmlns="http://www.openarchives.org/OAI/2.0/" xmlns:xsi="http://www.w3.org/2001/XMLSchema-instance" xsi:schemaLocation="http://www.openarchives.org/OAI/2.0/ http://www.openarchives.org/OAI/2.0/OAI-PMH.xsd"><responseDate>2026-06-07T15:17:26Z</responseDate><request verb="GetRecord" identifier="oai:docta.ucm.es:20.500.14352/55293" metadataPrefix="marc">https://docta.ucm.es/rest/oai/request</request><GetRecord><record><header><identifier>oai:docta.ucm.es:20.500.14352/55293</identifier><datestamp>2023-07-12T23:50:09Z</datestamp><setSpec>com_20.500.14352_14</setSpec><setSpec>col_20.500.14352_22</setSpec></header><metadata><record xmlns="http://www.loc.gov/MARC21/slim" xmlns:dcterms="http://purl.org/dc/terms/" xmlns:xsi="http://www.w3.org/2001/XMLSchema-instance" xmlns:doc="http://www.lyncode.com/xoai" xsi:schemaLocation="http://www.loc.gov/MARC21/slim http://www.loc.gov/standards/marcxml/schema/MARC21slim.xsd">
   <leader>00925njm 22002777a 4500</leader>
   <datafield ind2=" " ind1=" " tag="042">
      <subfield code="a">dc</subfield>
   </datafield>
   <datafield ind2=" " ind1=" " tag="720">
      <subfield code="a">Lema Trillo, Eva Victoria</subfield>
      <subfield code="e">author</subfield>
   </datafield>
   <datafield ind2=" " ind1=" " tag="260">
      <subfield code="c">2004</subfield>
   </datafield>
   <datafield ind2=" " ind1=" " tag="520">
      <subfield code="a">Esta tesis doctoral tiene por objetivo el análisis de los modelos de género masculino y femenino presentes en el cine comercial de Hollywood desde 1990 hasta entrado el año 2000. Para ello se ha procedido a una labor de investigación que consta de tres partes claramente diferenciadas: una primera que recoge las visiones de estudio y teorías de corrientes fílmicas como la Teoría Fílmica Feminista, o el trabajo empírico de Jackie Stacey y la corriente de estudios culturales anglosajona sobre programas de televisión y películas de cine. En una segunda parte se procede a realizar un análisis de contenido de diversos filmes pertencecientes a diferentes géneros cinematográficos del cine de Hollywood, películas características y representativas de los modelos de género más utilizados en este período temporal y se lleva a cabo un análisis de los mismos. La tercera parte es un trabajo empírico asentado en una base sociológica que pretende, a un nivel modesto, recoger las visiones que los jóvenes tienen respecto a los modelos de género que el cine comercial representa en sus películas. La intención es saber si observan cambios o evoluciones en las representaciones de hombres y mujeres en el cine de final de siglo. El estudio empírico se ha realziado con 30 jóvenes de Madrid con edades comprendidas entre los 14 y los 34 años, y ésta es la franja de edad escogida porque es el sector que más va al cine según las estadísticas facilitadas por el Ministerio de Educación y Cultura</subfield>
   </datafield>
   <datafield ind1="8" ind2=" " tag="024">
      <subfield code="a">978-84-669-2204-3</subfield>
   </datafield>
   <datafield ind1="8" ind2=" " tag="024">
      <subfield code="a">b21886593</subfield>
   </datafield>
   <datafield ind1="8" ind2=" " tag="024">
      <subfield code="a">https://hdl.handle.net/20.500.14352/55293</subfield>
   </datafield>
   <datafield ind2="0" ind1="0" tag="245">
      <subfield code="a">Los modelos de género masculino y femenino en el cine de Hollywood, 1990-2000</subfield>
   </datafield>
</record></metadata></record></GetRecord></OAI-PMH>